Serien - Statistiken

Allgemein
  • Dieses Quiz wurde 1.458 mal gespielt
  • Das Durchschnittsergebnis liegt bei 6 aus 15
Antwortstatistiken
Hint Antwort % Korrekt
Vampire, High school, Tagebuch The Vampire Diaries
85%
Ärzte, Seattle, Krankenhaus Greys Anatomy
80%
Freundinnen, Geheimnisse, Lügen Pretty Little Liars
64%
Insel, Überleben, Flugzeugabsturz Lost
52%
Werwölfe, High school, Rudel Teen Wolf
52%
Freunde, New York, WG's Friends
49%
Jugendliche, Mord, South Side Riverdale
49%
Brüder, Dämonen, Jäger Supernatural
49%
Schwangere, Telenovelas, Liebe Jane the Virgin
27%
Märchen, Fluch, Reale Welt Once upon a Time
25%
Familie, Drogen, ohne Eltern Shameless
19%
Familien, Leben, Erwachsen werden Modern Family
15%
Hexen, Satan, Jugendliche Chilling Adventures of Sabrina
9%
Familie, Intrigen, Vermögen Der Denver-Clan
8%
Klone, Geheimnisse, Lügen Orphan Black
8%
Keine übereinstimmenden Quizze gefunden
Verteilung der Resultate
Anzahl Personen mit jedem Resultat
Perzentil nach korrekt beantworteten Fragen
Ihre Resultats-Entwicklung
Sie haben dieses Quiz noch nicht gespielt